Defterler (Record no. 12616)

MARC details
000 -BAŞLIK
Sabit Uzunlukta Kontrol Alanı 01043na a2200313 4500
999 ## - SİSTEM KONTROL NUMARALARI (KOHA)
Koha Biblionumber 12616
Koha Biblioitemnumber 12616
001 - KONTROL NUMARASI
Denetim Alanı 14030
003 - KONTROL NUMARASI IDENTIFIER
Denetim Alanı MIRAKIL
005 - SON İŞLEM TARİHİ VE ZAMANI
Denetim Alanı 20190122174637.0
008 - SABİT-BOY VERİ ELEMANLARI - GENEL BİLGİLER
Sabit Uzunlukta Kontrol Alanı 160905b tu 000 0
020 ## - ULUSLARARASI STANDART KİTAP NUMARASI
Uluslararası Standart Kitap Numarası 9789753639511 (takım)
035 ## - SİSTEM KONTROL NUMARASI
Sistem Kontrol Numarası 14030
040 ## - KATALOGLAMA KAYNAK
Orijinal Kataloglama Ajansı Milas
Kataloglama Dili tur
Metne Dönüştürmek Ajansı TR-AnCHP
082 ## - DEWEY ONLU SINIFLANDIRMA NUMARASI
Sınıflandırma Numarası 923.1561 İnönü,İ.
Ürün Numarası İ57d 2001
090 ## - SINIFLAMA NUMARASI
Sınıflama Numarası 923.1561 İnönü,İ. İ57d 2001
100 ## - ANA GİRİŞ - KİŞİSEL İSİM
Kişisel Ad İnönü, İsmet
245 ## - BAŞLIK TABLOSU
Başlık Defterler
Başlığın Kalan (1919-1973)
Sorumluluk Tablosu, Vb hazırlayan Ahmet Demirel
260 ## - YAYIN, DAĞITIM, VB
Yayın, Dağıtım, Vb Yeri Ankara
Yayıncı, Dağıtıcı, Vs Adı Yapı Kredi
Yayın, Dağıtım, Vb Tarihi 2001
300 ## - FİZİKSEL TANIM
Kapsam 2 c.
Boyutlar 21 sm.
490 ## - SERİSİ TABLOSU
Seri Beyanı Yapı Kredi Yayınları
Hacim / Ardışık Tanımı 1568
490 ## - SERİSİ TABLOSU
Seri Beyanı Tarih
Hacim / Ardışık Tanımı 15
505 ## - BİÇİMLENDİRİLDİ İÇİNDEKİLER NOT
Biçimlendirilmiş İçeriği Dikkat c. 1. 1919-1955 -- c. 2. 1956-1973.
600 ## - KONU KATMA GİRİŞ - KURUMSAL ADI
Kişisel Ad İnönü, İsmet
Başlıklar Ve Bir Adla İlişkili Diğer Kelimeler Cumhurbaşkanı
Bir Adıyla İlişkilendirilen Tarihler 1884-1973
Form Alt Bölümü Günlükler
Genel Alt Bölümü Anılar
650 ## - KONU KATMA GİRİŞ - TOPİKAL DÖNEM
Topikal Süreli Veya Coğrafi Ad Giriş Elemanı Devlet adamları
Genel Alt Bölümü Anılar
Kronolojik Alt Bölümü Belgeler
Coğrafi Alt Bölümü Türkiye
651 ## - KONU KATMA GİRİŞ - COĞRAFİ ADI
Coğrafi İsim Türkiye
Genel Alt Bölümü Siyaset ve yönetim
Kronolojik Alt Bölümü Anılar
700 ## - KATMA GİRİŞ - KİŞİSEL İSİM
Kişisel Ad Demirel, Ahmet
856 ## - ELEKTRONİK YER VE ERİŞİM
Kamu Notu Dijital Nüshası için Partimizin Kütüphane Sorumlusu ile iletişime geçiniz.
942 ## - EKLENDİ GİRİŞ ELEMANLARI (KOHA)
Sınıflandırma Veya Raf Düzeni Kaynak Dewey Decimal Classification
Koha Öğesi Türü Books
999 ## - SİSTEM KONTROL NUMARALARI (KOHA)
Koha Biblioitemnumber 8438
Holdings
Kalıcı Konum Mevcut Konum Edinme Tarihi Edinim Kaynak Toplam Check-Out'Lar Tam Çağrı Numarası Barkod Tarih Son Görülme Kopya Sayısı İtibaren Geçerli Fiyatlar Koha Öğesi Türü
Parti Okulu Kütüphanesi Parti Okulu Kütüphanesi 01/22/2019 Bağış   923.1561 İnönü,İ. İ57d 2001 P00282 01/22/2019 c.1 01/22/2019 Books
Parti Okulu Kütüphanesi Parti Okulu Kütüphanesi 02/25/2019     923.1561 İnönü,İ. İ57d 2001 P00334 02/25/2019 c.2 02/25/2019 Books